Compitiendo a través de la tecnología y la información

Bibliographic Details
Main Author: Vila, J.
Format: Section = Libro
Language:Undetermined
Spanish
Published: España Folio 1997
Subjects:
LEADER 00599nam a2200205Ia 4500
008 240829s9999 xx 000 0 und d
020 |a 84-413-0694-X 
040 |a BIBLIOTECA-RUSB/ Ref 658 C737 
041 |a spa 
082 |a Ref 658 C737 
100 1 |a Vila, J. 
245 1 0 |a Compitiendo a través de la tecnología y la información 
260 |a España  |b Folio  |c 1997 
300 |a 105 p. :il. 
650 7 |a ADMINISTRACION GESTION DE EMPRESAS 
650 7 |b  PLANIFICACION ESTRATEGICA - SISTEMAS DE INFORMACION 
650 7 |c  ESTRATEGIA DE NEGOCIOS 
942 |c BK  |2 ddc 
991 |a TEXTO 
999 |c 6190